Statistics for Provinces of Sri Lanka

Click here to take the quiz!

General Stats

  • This quiz has been taken 81 times
  • The average score is 7 of 9

Answer Stats

Provinces % Correct
Southern
93%
Western
91%
Northern
87%
Eastern
87%
Central
83%
Uva
67%
North Western
67%
North Central
63%
Sabaragamuwa
37%

Score Distribution

Percentile by Number Answered

Percent of People with Each Score

Your Score History

You have not taken this quiz